01177cam a2200301 a 45000010009000000050017000090080041000260100015000670200025000820200022001070400054001290820022001831000031002052450078002362500012003142600092003263000037004185000024004555040031004796500043005106500052005536500040006056530024006456550024006699420022006939990017007159520143007321492476020141120160244.0070712t2008 xxua frb 001 0 eng d a2007061801 a9780898716429 (pbk.) z089871642X (pbk.) aDLCcDLCdYDXdYDXCPdBAKERdBTCTAdDLCdEG-ScBUE00a616.0754222bEPS1 aEpstein, Charles L.93664210aIntroduction to the mathematics of medical imaging /cCharles L. Epstein. a2nd ed. aPhiladelphia, United States :bSociety for Industrial and Applied Mathematics,cc.2008. axxxiii, 761 p. :bill. ;c26 cm. aIndex : p. 753-761. aBibliography : p. 743-751. 0aDiagnostic imagingxMathematics936643 0aImaging systems in medicinexMathematics936644 0aMedical physicsxMathematics936645 bPPhrmcNovember2014 vreading book934232 2ddck616.0754 EPS c18659d18631 00102ddc40708BaccahaMAINbMAINc1STd2014-11-20epurchaseg501.00h20677l0o616.0754 EPSp000037041r2025-07-15 00:00:00v626.25yBB